000
00504nam a2200181Ia 4500
008
100917s9999 xx 000 0 und d
082
_b
25150
100
_a
बुवा वि. आ.
245
_a
भालू देशपांडे
260
_b
भारतीय प्रकाशन
300
_a
103
365
_b
4
520
_a
कथा
630
_a
भालू देशपांडे
650
_a
कथा
730
_a
भालू देशपांडे
942
_c
BOOK
999
_c
630544
_d
630541